| 000 | 00525nam a22001937a 4500 | ||
|---|---|---|---|
| 003 | SISC | ||
| 005 | 20160203152603.0 | ||
| 008 | 130626t xxu||||| |||| 00| 0 eng d | ||
| 020 | _a9711007088 | ||
| 050 |
_aS 544 _b.V162 1987 |
||
| 082 |
_aFIL 338.16 _bIn8 1987 |
||
| 100 |
_aValera, Jaime B. _97028 |
||
| 245 |
_aAn introduction to extension delivery systems / _cValera marinez Plopino. |
||
| 260 |
_aManila : _bIsland, _cc1987. |
||
| 300 |
_a188 p. : _c23 cm. |
||
| 942 |
_2lcc _cBK |
||
| 999 |
_c8968 _d8968 |
||